Normal view
MARC view
- Wilson, Woodrow
Entry Personal Name
001 - CONTROL NUMBER
- control field: 50615
003 - CONTROL NUMBER IDENTIFIER
- control field: NUST
005 - DATE AND TIME OF LATEST TRANSACTION
- control field: 20210314134709.0
008 - FIXED-LENGTH DATA ELEMENTS
- fixed length control field: 210314|| aca||aabn | a|a d
040 ## - CATALOGING SOURCE
- Original cataloging agency: NUST
- Transcribing agency: NUST
100 ## - HEADING--PERSONAL NAME
- Personal name: Wilson, Woodrow
670 ## - SOURCE DATA FOUND
- Source citation: Work cat.: (NUST): Hendrick, Burton Jesse, 50614, The life and letters of Walter H. Page
